Plan Puebla - Panamá /

Gespeichert in:
Bibliographische Detailangaben
1. Verfasser: Call, Wendy
Format: Text
Schlagworte:
Tags: Tag hinzufügen
Keine Tags, Fügen Sie den ersten Tag hinzu!

MARC

LEADER 00000 a a2200000 04500
001 9952
003
040
100 |a Call, Wendy  
245 |a Plan Puebla - Panamá /  |c Wendy Call 
650 |a PLANES DE DESARROLLO  
650 |a PROYECTOS DE INVERSION  
650 |a DESARROLLO ECONOMICO  
650 |a INTEGRACION REGIONAL  
650 |a AMERICA CENTRAL  
650 |a MEXICO  
773 |g volumen 35, número 5; páginas 24-25  
999 |c 22890  |d 22890